Человек на Севере: проблемы качества жизни (Запись № 1100875)

Подробности
000 -МАРКЕР
контрольное поле 02032nam0a2200385 4500
001 - ИДЕНТИФИКАТОР ЗАПИСИ
контрольное поле RU\NLR\bibl\496267
005 - ИДЕНТИФИКАТОР ВЕРСИИ
контрольное поле 20250623200532.0
010 ## - МЕЖДУНАРОДНЫЙ СТАНДАРТНЫЙ НОМЕР КНИГИ (ISBN)
Номер (ISBN) 5-7968-0042-6
Тираж 450
035 ## - ДРУГИЕ СИСТЕМНЫЕ НОМЕРА
Идентификатор записи (NLR Aleph) 000488893
100 ## - ДАННЫЕ ОБЩЕЙ ОБРАБОТКИ
Данные общей обработки 20040302d2002 |||y0rusy50 ca
101 0# - ЯЗЫК РЕСУРСА
Язык текста, звукозаписи и т.д. русский
Язык резюме английский
102 ## - СТРАНА ПУБЛИКАЦИИ ИЛИ ПРОИЗВОДСТВА
Страна публикации российская федерация
105 ## - ПОЛЕ КОДИРОВАННЫХ ДАННЫХ: ТЕКСТОВЫЕ МАТЕРИАЛЫ, МОНОГРАФИЧЕСКИЕ
Кодированные данные о монографическом текстовом документе a |||||||||
200 1# - ЗАГЛАВИЕ И СВЕДЕНИЯ ОБ ОТВЕТСТВЕННОСТИ
Основное заглавие Человек на Севере: проблемы качества жизни
Сведения, относящиеся к заглавию Материалы межрегион. науч. семинара, 29-31 янв. 2002 г.
210 ## - ПУБЛИКАЦИЯ, РАСПРОСТРАНЕНИЕ И ДР.
Место издания, распространения и т.д. Петропавловск-Камчатский
Имя издателя, распространителя и т. д. Изд-во Камч. гос. пед. ун-та
Дата издания, распространения и т.д. 2002
215 ## - ФИЗИЧЕСКАЯ ХАРАКТЕРИСТИКА
Специфическое обозначение материала и объем 221 с.
Другие сведения о физической характеристике ил.
Размеры 20
300 ## - ОБЩИЕ ПРИМЕЧАНИЯ
Текст примечания В надзаг.: Администрация Камч. обл., Камч. гос. пед. ун-т, Камч. ин-т экологии и природопользования ДВО РАН, Лаб. науч. исслед. Камч. ИПК и ППК
300 ## - ОБЩИЕ ПРИМЕЧАНИЯ
Текст примечания Рез. на англ. яз.
320 ## - ПРИМЕЧАНИЯ О НАЛИЧИИ В ДОКУМЕНТЕ БИБЛИОГРАФИИ / УКАЗАТЕЛЯ
Текст примечания Библиогр. в конце ст.
606 0# - НАИМЕНОВАНИЕ ТЕМЫ КАК ПРЕДМЕТ
Наименование темы Здоровье
Формальный подзаголовок Съезды, совещания и т.п.
Тематический подзаголовок Влияние полярного климата
Географический подзаголовок Российская Федерация
-- Север
Системный номер авторитетной/нормативной записи 2287006
Идентификатор авторитетной/нормативной записи RU\NLR\auth\661369880
606 0# - НАИМЕНОВАНИЕ ТЕМЫ КАК ПРЕДМЕТ
Наименование темы Образование
Формальный подзаголовок Съезды, совещания и т.п.
Географический подзаголовок Российская Федерация
-- Север
Системный номер авторитетной/нормативной записи 2462711
Идентификатор авторитетной/нормативной записи RU\NLR\AUTH\661463215
607 ## - ГЕОГРАФИЧЕСКОЕ НАИМЕНОВАНИЕ КАК ПРЕДМЕТ
Географическое наименование Российская Федерация
Формальный подзаголовок Съезды, совещания и т.п.
Тематический подзаголовок Население
-- Социально-психологические исследования
Географический подзаголовок Север
Системный номер авторитетной/нормативной записи 2322560
Идентификатор авторитетной/нормативной записи RU\NLR\auth\661389405
686 1# - ИНДЕКСЫ ДРУГИХ КЛАССИФИКАЦИЙ
Индекс Р120.172.4я431(2)
686 1# - ИНДЕКСЫ ДРУГИХ КЛАССИФИКАЦИЙ
Индекс Р11(2)09(2Р1)я431(2)
686 1# - ИНДЕКСЫ ДРУГИХ КЛАССИФИКАЦИЙ
Индекс С550.6я431
686 1# - ИНДЕКСЫ ДРУГИХ КЛАССИФИКАЦИЙ
Индекс Ю937.2я431
686 1# - ИНДЕКСЫ ДРУГИХ КЛАССИФИКАЦИЙ
Индекс Ч34(2Р)я431
801 #0 - ИСТОЧНИК ЗАПИСИ
Страна российская федерация
Организация NLR
Дата составления 20040302
Правила каталогизации PSBO
801 #1 - ИСТОЧНИК ЗАПИСИ
Страна российская федерация
Организация NLR
Дата составления 20040302
942 ## - ДОПОЛНИТЕЛЬНЫЕ ЭЛЕМЕНТЫ ЗАПИСИ (АБИС)
Тип экземпляра АБИС Книга
980 ## - КОЛЛЕКЦИЯ
Название коллекции Национальная библиография
Экземпляры
Тип экземпляра Дата поступления Источник поступления Библиотека постоянного хранения Библиотека текущего хранения Место хранения Шифр хранения Штрих-код Статус не для выдачи
Книга 02.03.2004 Контрольный экземпляр из типографии РНБ (Московский) РНБ (Московский) Русский книжный фонд: издания с 1957 года, 3этаж 2004-3/4421 645362  
Книга 02.03.2004 Подсобные фонды РНБ РНБ (Московский) РНБ (Московский) Русский книжный фонд: издания с 1957 года, 3этаж 2004-3/4421 645365